000 00474nam a2200181Ia 4500
001 22516
005 20260414150836.0
008 260414t2013||||xx |||||||||||||| ||spa||
041 _aESP
082 _a621.382
_bC75
100 _aCollier, Richard
_eAUT
245 0 _aTransmission lines :
_bequivalent circuits, electromagnetic theory, and photons
260 _c2013
300 _a318 páginas :
_c25 cm.
650 _aTCA
654 _aCET
942 _cLIB
_dJUS
_fJUS
_2ddc
_n
999 _c22516
_d22516